[Úvod k zborníku vedeckých prác riešiteľov grantového projektu VEGA 1/0604/10]
Salvato in:
| Autore principale: | |
|---|---|
| Natura: | Capitolo di libro |
| Lingua: | slovacco |
| Tags: |
Nessun Tag, puoi essere il primo ad aggiungerne!!
|
MARC
| LEADER | 00000naa$a2200000$$$4500 | ||
|---|---|---|---|
| 001 | 0128342 | ||
| 005 | 20240502072451.4 | ||
| 041 | 0 | |a slo | |
| 044 | |a SK | ||
| 245 | 1 | 0 | |a [Úvod k zborníku vedeckých prác riešiteľov grantového projektu VEGA 1/0604/10] |c Miroslav Grznár |
| 100 | 1 | |a Grznár, Miroslav | |